Pulse production : (Record no. 536)
[ view plain ]
| 000 -LEADER | |
|---|---|
| fixed length control field | 00653nam a22002297a 4500 |
| 001 - CONTROL NUMBER | |
| control field | BD-DhSAU 536 |
| 003 - CONTROL NUMBER IDENTIFIER | |
| control field | BD-DhSAU |
| 005 - DATE AND TIME OF LATEST TRANSACTION | |
| control field | 20150104195822.0 |
| 008 - FIXED-LENGTH DATA ELEMENTS--GENERAL INFORMATION | |
| fixed length control field | 150104b1984 ii a|||| |||| 000 0 eng d |
| 020 ## - INTERNATIONAL STANDARD BOOK NUMBER | |
| International Standard Book Number | 8120401557 |
| 040 ## - CATALOGING SOURCE | |
| Transcribing agency | BD-DhSAU |
| 082 ## - DEWEY DECIMAL CLASSIFICATION NUMBER | |
| Edition number | 22 |
| Classification number | 633.8 |
| Item number | SRP |
| 100 ## - MAIN ENTRY--PERSONAL NAME | |
| Personal name | Srivastava, H.C. [et.al] |
| 245 ## - TITLE STATEMENT | |
| Title | Pulse production : |
| Remainder of title | constraints and opportunities / |
| 260 ## - PUBLICATION, DISTRIBUTION, ETC. (IMPRINT) | |
| Place of publication, distribution, etc. | New Delhi : |
| Name of publisher, distributor, etc. | Oxford & IBH Publishing Co. Pvt. Ltd. ; |
| Date of publication, distribution, etc. | 1984. |
| 300 ## - PHYSICAL DESCRIPTION | |
| Extent | xix, 493 p. : |
| Other physical details | ill. ; |
| Dimensions | 24 cm. |
| 590 ## - Name of Cataloguer | |
| Name of Cataloger | joy |
| 650 ## - SUBJECT ADDED ENTRY--TOPICAL TERM | |
| Topical term or geographic name as entry element | Agronomy. |
| 650 ## - SUBJECT ADDED ENTRY--TOPICAL TERM | |
| Topical term or geographic name as entry element | Pulse |
| General subdivision | production. |
| 700 ## - ADDED ENTRY--PERSONAL NAME | |
| Personal name | Menon, K.K.G. [editor] |
| 700 ## - ADDED ENTRY--PERSONAL NAME | |
| Personal name | bhaskaran, S. [editor] |
| 942 ## - ADDED ENTRY ELEMENTS (KOHA) | |
| Source of classification or shelving scheme | Dewey Decimal Classification |
| Koha item type | Book |
| Withdrawn status | Lost status | Source of classification or shelving scheme | Damaged status | Not for loan | Home library | Branch Name | Shelving location | Date acquired | Total Checkouts | Full call number | Barcode | Date last seen | Price effective from | Koha item type |
|---|---|---|---|---|---|---|---|---|---|---|---|---|---|---|
| Dewey Decimal Classification | SAU Library | SAU Library | General Stacks | 26/06/1989 | 633.8 SRP | 13640 | 04/01/2015 | 04/01/2015 | Book | |||||
| Dewey Decimal Classification | SAU Library | SAU Library | General Stacks | 26/06/1989 | 633.8 SRP | 13639 | 04/01/2015 | 04/01/2015 | Book |
